<?xml version="1.0" encoding="UTF-8"?>
<record
    xmlns:xsi="http://www.w3.org/2001/XMLSchema-instance"
    xsi:schemaLocation="http://www.loc.gov/MARC21/slim http://www.loc.gov/standards/marcxml/schema/MARC21slim.xsd"
    xmlns="http://www.loc.gov/MARC21/slim">

  <leader>03302njm a2200505Ia 4500</leader>
  <controlfield tag="001">25588</controlfield>
  <controlfield tag="003">IT-RoPAU</controlfield>
  <controlfield tag="005">20220918181203.0</controlfield>
  <controlfield tag="008">131025s9999    xx            000 0 und d</controlfield>
  <datafield tag="040" ind1=" " ind2=" ">
    <subfield code="a">IT-RoPAU</subfield>
  </datafield>
  <datafield tag="040" ind1=" " ind2=" ">
    <subfield code="c">IT-RoPAU</subfield>
  </datafield>
  <datafield tag="999" ind1=" " ind2=" ">
    <subfield code="c">103173</subfield>
    <subfield code="d">103173</subfield>
  </datafield>
  <datafield tag="999" ind1=" " ind2=" ">
    <subfield code="b">n.d.</subfield>
  </datafield>
  <datafield tag="100" ind1=" " ind2=" ">
    <subfield code="a">AA.VV.</subfield>
    <subfield code="9">794</subfield>
  </datafield>
  <datafield tag="100" ind1=" " ind2=" ">
    <subfield code="e">Autore musica</subfield>
    <subfield code="9">12232</subfield>
  </datafield>
  <datafield tag="100" ind1=" " ind2=" ">
    <subfield code="g">Codice autore musica SPICS: 12000</subfield>
    <subfield code="9">796</subfield>
  </datafield>
  <datafield tag="245" ind1=" " ind2=" ">
    <subfield code="a">Try A Little Tenderness</subfield>
  </datafield>
  <datafield tag="250" ind1=" " ind2=" ">
    <subfield code="a">1a ed.</subfield>
  </datafield>
  <datafield tag="260" ind1=" " ind2=" ">
    <subfield code="a">GERMANY</subfield>
  </datafield>
  <datafield tag="260" ind1=" " ind2=" ">
    <subfield code="b">TELEFUNKEN</subfield>
    <subfield code="c">1977 [1a Ed.:1977]</subfield>
  </datafield>
  <datafield tag="300" ind1=" " ind2=" ">
    <subfield code="a">DISCO</subfield>
  </datafield>
  <datafield tag="300" ind1=" " ind2=" ">
    <subfield code="c">44 minuti (Testo:  pag.)</subfield>
  </datafield>
  <datafield tag="500" ind1=" " ind2=" ">
    <subfield code="a">Musica strumentale per momenti teneri. Sentimental music</subfield>
  </datafield>
  <datafield tag="505" ind1=" " ind2=" ">
    <subfield code="a">Soft Sounds For Tender Moments - The Magic Strings - Don't Cry For Me Argentina (4:00) - Chanson d'amour (3:00) - All You Get From Love Is A Love Song (3:00) - Another Suitcase In Another Hall (2:00) - Love Me Tender (3:00) - Nancy With the Laughing Face (3:00) - Try A Little Tenderness (3:00) - L'air de nuit (3:00) - Feelings (4:00) - Bilitis [(tema dal film omonimo) (3:00) - Serenade pour deux amour (3:00) - A Sentimental Moment (4:00) - The Other Way (3:00) - Soft and Tender (4:00)</subfield>
  </datafield>
  <datafield tag="511" ind1=" " ind2=" ">
    <subfield code="a">Direttore d'orchestra: Candler Norman</subfield>
  </datafield>
  <datafield tag="650" ind1=" " ind2=" ">
    <subfield code="a">STRUMENTALE [DISCHI]</subfield>
    <subfield code="e">Codice MATERIA SPICS: 9950</subfield>
    <subfield code="9">828</subfield>
  </datafield>
  <datafield tag="700" ind1=" " ind2=" ">
    <subfield code="a">Candler Norman</subfield>
    <subfield code="e">Interprete</subfield>
    <subfield code="g">Codice interprete SPICS: 11595</subfield>
    <subfield code="9">12233</subfield>
  </datafield>
  <datafield tag="700" ind1=" " ind2=" ">
    <subfield code="a">Candler Norman</subfield>
    <subfield code="g">Codice autore SPICS: 11595</subfield>
    <subfield code="e">Autore</subfield>
    <subfield code="9">12234</subfield>
    <subfield code="p">Chanson d'amour - All You Get From Love Is A Love Song - L'air de nuit - Bilitis - A Sentimental Moment - The Other Way - Soft and Tender</subfield>
  </datafield>
  <datafield tag="700" ind1=" " ind2=" ">
    <subfield code="a">Rice Tim</subfield>
    <subfield code="g">Codice autore musica SPICS: 11116</subfield>
    <subfield code="e">Autore musica</subfield>
    <subfield code="p">Don't Cry For Me Argentina - Another Suitcase In Another Hall</subfield>
    <subfield code="9">12235</subfield>
  </datafield>
  <datafield tag="700" ind1=" " ind2=" ">
    <subfield code="a">Webber Andrew Lloyd</subfield>
    <subfield code="g">Codice autore SPICS: 11199</subfield>
    <subfield code="e">Autore</subfield>
    <subfield code="p">Don't Cry For Me Argentina - Another Suitcase In Another Hall</subfield>
    <subfield code="9">12236</subfield>
  </datafield>
  <datafield tag="700" ind1=" " ind2=" ">
    <subfield code="a">Shanklin Wayne</subfield>
    <subfield code="g">Codice autore musica SPICS: 15868</subfield>
    <subfield code="e">Autore musica</subfield>
    <subfield code="p">Chanson d'amour</subfield>
    <subfield code="9">12237</subfield>
  </datafield>
  <datafield tag="700" ind1=" " ind2=" ">
    <subfield code="a">Eaton Mick</subfield>
    <subfield code="g">Codice autore musica SPICS: 6965</subfield>
    <subfield code="e">Autore musica</subfield>
    <subfield code="p">All You Get From Love Is A Love Song</subfield>
    <subfield code="9">12238</subfield>
  </datafield>
  <datafield tag="700" ind1=" " ind2=" ">
    <subfield code="a">Presley Elvis</subfield>
    <subfield code="g">Codice autore musica SPICS: 11085</subfield>
    <subfield code="e">Autore musica</subfield>
    <subfield code="p">Love Me Tender</subfield>
    <subfield code="9">12239</subfield>
  </datafield>
  <datafield tag="700" ind1=" " ind2=" ">
    <subfield code="a">Matson V.</subfield>
    <subfield code="g">Codice autore SPICS: 15870</subfield>
    <subfield code="e">Autore</subfield>
    <subfield code="p">Love Me Tender</subfield>
    <subfield code="9">12240</subfield>
  </datafield>
  <datafield tag="700" ind1=" " ind2=" ">
    <subfield code="a">Van Heusen Jimmy</subfield>
    <subfield code="g">Codice autore musica SPICS: 15744</subfield>
    <subfield code="e">Autore musica</subfield>
    <subfield code="p">Nancy With the Laughing Face</subfield>
    <subfield code="9">12241</subfield>
  </datafield>
  <datafield tag="700" ind1=" " ind2=" ">
    <subfield code="a">Silvers L.</subfield>
    <subfield code="g">Codice autore SPICS: 15871</subfield>
    <subfield code="e">Autore</subfield>
    <subfield code="p">Nancy With the Laughing Face</subfield>
    <subfield code="9">12242</subfield>
  </datafield>
  <datafield tag="700" ind1=" " ind2=" ">
    <subfield code="a">Campbell Harry C.</subfield>
    <subfield code="g">Codice autore musica SPICS: 11040</subfield>
    <subfield code="e">Autore musica</subfield>
    <subfield code="p">Try A Little Tenderness</subfield>
    <subfield code="9">12243</subfield>
  </datafield>
  <datafield tag="700" ind1=" " ind2=" ">
    <subfield code="a">Woods H.W.</subfield>
    <subfield code="g">Codice autore SPICS: 16463</subfield>
    <subfield code="e">Autore</subfield>
    <subfield code="p">Try A Little Tenderness</subfield>
    <subfield code="9">12244</subfield>
  </datafield>
  <datafield tag="700" ind1=" " ind2=" ">
    <subfield code="a">Kirsch</subfield>
    <subfield code="g">Codice autore musica SPICS: 15869</subfield>
    <subfield code="e">Autore musica</subfield>
    <subfield code="p">L'air de nuit</subfield>
    <subfield code="9">12245</subfield>
  </datafield>
  <datafield tag="700" ind1=" " ind2=" ">
    <subfield code="a">Kunze</subfield>
    <subfield code="g">Codice autore musica SPICS: 15872</subfield>
    <subfield code="e">Autore musica</subfield>
    <subfield code="p">Feelings</subfield>
    <subfield code="9">12246</subfield>
  </datafield>
  <datafield tag="700" ind1=" " ind2=" ">
    <subfield code="a">Albert Morris</subfield>
    <subfield code="g">Codice autore SPICS: 15662</subfield>
    <subfield code="e">Autore</subfield>
    <subfield code="p">Feelings</subfield>
    <subfield code="9">12247</subfield>
  </datafield>
  <datafield tag="700" ind1=" " ind2=" ">
    <subfield code="a">Lai Francis</subfield>
    <subfield code="g">Codice autore musica SPICS: 10971</subfield>
    <subfield code="e">Autore musica</subfield>
    <subfield code="p">Bilitis</subfield>
    <subfield code="9">12248</subfield>
  </datafield>
  <datafield tag="700" ind1=" " ind2=" ">
    <subfield code="a">Toussaint Olivier</subfield>
    <subfield code="g">Codice autore musica SPICS: 14363</subfield>
    <subfield code="e">Autore musica</subfield>
    <subfield code="p">Serenade pour deux amour</subfield>
    <subfield code="9">12249</subfield>
  </datafield>
  <datafield tag="700" ind1=" " ind2=" ">
    <subfield code="a">Senneville Paul De</subfield>
    <subfield code="g">Codice autore SPICS: 14362</subfield>
    <subfield code="e">Autore</subfield>
    <subfield code="p">Serenade pour deux amour</subfield>
    <subfield code="9">12250</subfield>
  </datafield>
  <datafield tag="942" ind1=" " ind2=" ">
    <subfield code="c">MD</subfield>
    <subfield code="2">ddc</subfield>
  </datafield>
  <datafield tag="952" ind1=" " ind2=" ">
    <subfield code="0">0</subfield>
    <subfield code="1">0</subfield>
    <subfield code="4">0</subfield>
    <subfield code="6">25588_000000000000000</subfield>
    <subfield code="7">1</subfield>
    <subfield code="a">SPICS</subfield>
    <subfield code="b">SPICS</subfield>
    <subfield code="d">2013-10-25</subfield>
    <subfield code="l">0</subfield>
    <subfield code="o">25588</subfield>
    <subfield code="r">2013-10-25 00:00:00</subfield>
    <subfield code="w">2013-10-25</subfield>
    <subfield code="y">MD</subfield>
    <subfield code="z">Progr. Ins.: 5462 / N.Vol.: 1 / Copie: 1 - Copia rara: n.d. / date import: 01.01.2014 - By Epidotti, Trombetti, Vaglietti</subfield>
  </datafield>
</record>
